ARTHRITIS AND ARTHROPLASTY : THE KNEE (WITH CD + ONLINE) (Record no. 799173)

MARC details
000 -LEADER
fixed length control field 00396pam a2200145 a 4500
020 ## - INTERNATIONAL STANDARD BOOK NUMBER
International Standard Book Number 9781416049746
Terms of availability
041 ## - LANGUAGE CODE
Language code of original
082 ## - DEWEY DECIMAL CLASSIFICATION NUMBER
Classification number 617.3
Item number BRO/CUI
100 ## - MAIN ENTRY--PERSONAL NAME
Personal name BROWN T.E., CUI Q., MIHALKO W.
245 ## - TITLE STATEMENT
Title ARTHRITIS AND ARTHROPLASTY : THE KNEE (WITH CD + ONLINE)
Medium Textual Documents
260 ## - PUBLICATION, DISTRIBUTION, ETC.
Name of publisher, distributor, etc. SAUNDERS
Date of publication, distribution, etc. 2009
300 ## - PHYSICAL DESCRIPTION
Extent 334:
Other physical details XVII;
Dimensions HB.+
Accompanying material CD+ONLINE.
650 ## - SUBJECT ADDED ENTRY--TOPICAL TERM
Topical term or geographic name entry element ORTHO
930 ## - EQUIVALENCE OR CROSS-REFERENCE-UNIFORM TITLE HEADING [LOCAL, CANADA]
Uniform title 4645
Holdings
Withdrawn status Lost status Damaged status Not for loan Collection Home library Current library Date acquired Source of acquisition Cost, normal purchase price Total Checkouts Full call number Barcode Date last seen Copy number Price effective from Koha item type
          Medical College & Hospital, Sangli Medical College & Hospital, Sangli 22/07/2011 B.M.S.G.B.PUNE 11825.00   617.3 BRO/CUI MCS-9539 26/07/2023 1 26/07/2023 Book